| 000 | 00385nam a2200133Ia 4500 | ||
|---|---|---|---|
| 008 | 211109s9999||||xx |||||||||||||| ||und|| | ||
| 082 |
_a894.8123 _bHAR-P |
||
| 100 | _aMathab, Harekrushna | ||
| 245 | 0 | _aPratibha | |
| 260 |
_bSahithya Pravarthaka... _aKottayam _c1962 |
||
| 630 | _xGeneral Stack | ||
| 650 |
_aMalayalam literature _vMalayalam FictionLiterature _xMalayalam |
||
| 942 | _cBOOK | ||
| 999 |
_c27220 _d27220 |
||